The Redshift controversy (Record no. 4727)

MARC details
000 -LEADER
fixed length control field 00675nam a2200229Ia 4500
003 - CONTROL NUMBER IDENTIFIER
control field IN-BaIIA
008 - FIXED-LENGTH DATA ELEMENTS--GENERAL INFORMATION
fixed length control field 211028s9999 xx 000 0 eng d
020 ## - INTERNATIONAL STANDARD BOOK NUMBER
International Standard Book Number 0-8053-2512-3
040 ## - CATALOGING SOURCE
Transcribing agency IIA Library
080 ## - UNIVERSAL DECIMAL CLASSIFICATION NUMBER
Universal Decimal Classification number 524.834
Item number FIE
100 ## - MAIN ENTRY--PERSONAL NAME
Personal name Field, George B
9 (RLIN) 8390
245 #4 - TITLE STATEMENT
Title The Redshift controversy
Statement of responsibility, etc. Geroge B. Field, Halton Arp and John N. Bahcall
260 ## - PUBLICATION, DISTRIBUTION, ETC.
Place of publication, distribution, etc. Reading, Massachusetts
Name of publisher, distributor, etc. W. A. Benjamin
Date of publication, distribution, etc. 1973
300 ## - PHYSICAL DESCRIPTION
Extent xv, 324p.
490 ## - SERIES STATEMENT
Series statement Frontiers in physics Series
650 ## - SUBJECT ADDED ENTRY--TOPICAL TERM
Topical term or geographic name entry element Astronomy and astrophysics thesaurus
650 ## - SUBJECT ADDED ENTRY--TOPICAL TERM
Topical term or geographic name entry element Cosmology
650 ## - SUBJECT ADDED ENTRY--TOPICAL TERM
Topical term or geographic name entry element Redshift
9 (RLIN) 8391
700 ## - ADDED ENTRY--PERSONAL NAME
Personal name Arp, Halton
9 (RLIN) 8392
700 ## - ADDED ENTRY--PERSONAL NAME
Personal name Bahcall, John N.
9 (RLIN) 8393
942 ## - ADDED ENTRY ELEMENTS (KOHA)
Koha item type Books
Holdings
Withdrawn status Lost status Damaged status Not for loan Home library Current library Shelving location Date acquired Total Checkouts Full call number Barcode Date last seen Price effective from Koha item type
        IIA Library-Bangalore IIA Library-Bangalore General Stacks 08/05/1975   524.834/ FIE 5282 05/11/2021 08/05/1975 Books

Powered by Koha